000 00833nam a22002417a 4500
005 20251108173501.0
008 250721s2002 xx 000 0 ara d
082 1 4 _aط/219.5/إبر
100 1 _aابراهيم، عبد القادر الشيخ
245 1 0 _aأسامة بن زيد رضي الله عنه /
250 _aط2
264 1 _aحلب :
_bدار القلم العربي،
_c2002.
300 _a15ص.
490 0 _aفجر الهدى والأيمان : من سفراء الأسلام
_v2
650 1 7 _aالصحابة والتابعين
650 1 7 _aالسيرة النبوية
650 1 7 _aالسفراء
653 _aأسامة بن أبي زيد
653 _aناشئون صغار (10-14 سنة )
700 1 _aفرهود، أحمد عبد الله
_eمراجع
942 _2ddc
_cBK
999 _c104985
_d104985